000 00305nam a22001337a 4500
008 170331b xxu||||| |||| 00| 0 eng d
020 _a9780803617179
041 _aeng
080 _a617
100 _a8
101 _aSHM
245 _aSPINAL CORD INJURY REHABILITATION
_cFIELD-FOTE, E.C
942 _2udc
_cBK
999 _c9301
_d9301